00413pab a2200145 454500008004000000100001600040245006200056260000900118300001400127362000800141650002900149650002000178700002400198773004500222180718b2001 xxu||||| |||| 00| 0 eng d aGray, Clive aThe leadership factor in African policy reform and growth c2001 ap.707-40. aJul aEconomic growth - Africa aEconomic growth aMc Pherson, Malcolm aEconomic Development and Cultural Change